| 000 | 00445nam a22001697a 4500 | ||
|---|---|---|---|
| 005 | 20240624091828.0 | ||
| 008 | 240624b |||||||| |||| 00| 0 eng d | ||
| 020 | _a8471338178 | ||
| 082 |
_a615 _bGUP-C |
||
| 100 | _aGupta P.K | ||
| 245 |
_aCell and Molecular Biology / _cGupta P.K |
||
| 260 |
_aIndia ; _bRakesh Kumar : _c2010 |
||
| 300 |
_axxvii : _bill; _c24 cm. |
||
| 500 | _ainclude index . | ||
| 650 | _aMedical / Biology | ||
| 999 |
_c35941 _d35941 |
||